Statistics for NFL Teams with Locations

Click here to take the quiz!

General Stats

  • This quiz has been taken 412 times
  • The average score is 31 of 32

Answer Stats

LocationTeam% Correct
BuffaloBills
99%
MiamiDolphins
99%
New EnglandPatriots
99%
BaltimoreRavens
99%
DallasCowboys
98%
New YorkGiants
98%
New YorkJets
98%
PittsburghSteelers
98%
San Francisco49ers
97%
CincinnatiBengals
97%
DenverBroncos
97%
ClevelandBrowns
97%
ArizonaCardinals
97%
IndianapolisColts
97%
JacksonvilleJaguars
97%
OaklandRaiders
97%
ChicagoBears
96%
Kansas CityChiefs
96%
PhilidelphiaEagles
96%
AtlantaFalcons
96%
DetroitLions
96%
Green BayPackers
96%
CarolinaPanthers
96%
St. LouisRams
96%
New OrleansSaints
96%
SeattleSeahawks
96%
HoustonTexans
96%
TennesseeTitans
96%
MinnesotaVikings
96%
San DiegoChargers
95%
WashingtonRedskins
95%
Tampa BayBuccaneers
93%

Score Distribution

Percentile by Number Answered

Percent of People with Each Score

Your Score History

You have not taken this quiz